|
|
|
|
| LEADER |
00716cam a2200229 7i4500 |
| 001 |
0000034478 |
| 005 |
20170807090000.0 |
| 007 |
##ta |
| 008 |
170807 |
| 040 |
# |
# |
|a MATR
|
| 090 |
0 |
0 |
|a KORS 623.860294
|b KOR
|
| 245 |
0 |
0 |
|a KOREA MARINE EQUIPMENT :
|b General Catalogue.
|
| 264 |
# |
1 |
|a Busan, Korea:
|b Busan Marine Equipment Association,
|c 2015.
|
| 300 |
# |
# |
|a 140 pages:
|b illustrations;
|c 30 cm.
|
| 336 |
# |
# |
|a text
|2 rdacontent
|
| 337 |
# |
# |
|a unmediated
|2 rdamedia
|
| 338 |
# |
# |
|a volume
|2 rdacarrier
|
| 650 |
# |
0 |
|a Ships --
|x Equipment and supplies
|
| 650 |
# |
0 |
|a Marine machinery
|
| 650 |
# |
0 |
|a Marine machinery industry
|
| 650 |
# |
0 |
|a Shipbuilding industry
|
| 999 |
|
|
|a 0000039358
|b Directories
|c Countries
|e Business Information Centre
|